[Event "ESP-chT"]
[Site "?"]
[Date "1990.??.??"]
[Round "?"]
[White "Martin Gonzalez, Angel"]
[Black "Brito, Alfredo"]
[Result "1/2-1/2"]
[WhiteElo "2400"]
[BlackElo "2310"]

1.e4 e5 2.Nf3 Nc6 3.Bb5 a6 4.Ba4 Nf6 5.O-O Be7 6.Re1 b5 7.Bb3 d6 8.c3 O-O
9.h3 Bb7 10.d4 Re8 11.Nbd2 h6 12.Nf1 Bf8 13.Ng3 Na5 14.Bc2 c5 15.a4 cxd4
16.cxd4 d5 17.axb5 axb5 18.dxe5 Nxe4 19.Nxe4 dxe4 20.Qxd8 Rexd8 21.Bxe4 Bxe4
22.Rxe4 Nb3 23.Rxa8 Rxa8 24.Bf4 Ra2 25.e6 fxe6 26.Rxe6 Rxb2 27.Re8 Kf7 28.Rb8 g5
29.Ne5+ Ke6 30.Rxf8 gxf4 31.Nd3 Rb1+ 32.Kh2 Nd2 33.Nxf4+ Ke5 34.g4 b4 35.Nd3+ Ke4
36.Nc5+ Ke5 37.h4 b3 38.Rd8 Nc4 39.Rh8 Kf4 40.Rxh6 Kxg4 41.Nxb3 Rxb3 42.Kg2 Ne5
43.Re6 Nf3  1/2-1/2

[Event "FIN-chT"]
[Site "?"]
[Date "1990.??.??"]
[Round "?"]
[White "Raaste, Eero J"]
[Black "Norri, Joose"]
[Result "1/2-1/2"]
[WhiteElo "2380"]
[BlackElo "2360"]

1.e4 e5 2.Nf3 Nc6 3.Bb5 a6 4.Ba4 Nf6 5.O-O Be7 6.Re1 b5 7.Bb3 d6 8.c3 O-O
9.h3 Bb7 10.d4 Re8 11.Ng5 Rf8 12.Nf3 Re8 13.Ng5 Rf8 14.Nf3 Re8 15.Ng5 Rf8
16.Nf3 Nd7 17.Nbd2 Bf6 18.Nf1 Re8 19.d5 Ne7 20.Ng3 Ng6 21.Nf5 Ne7  1/2-1/2

[Event "Gausdal Int"]
[Site "Gausdal"]
[Date "1990.??.??"]
[Round "1"]
[White "Ernst, Thomas"]
[Black "Bjerke, Richard"]
[Result "1-0"]
[WhiteElo "2480"]
[BlackElo "2315"]

1.e4 e5 2.Nf3 Nc6 3.Bb5 a6 4.Ba4 Nf6 5.O-O Be7 6.Re1 b5 7.Bb3 d6 8.c3 O-O
9.h3 Bb7 10.d4 Re8 11.Nbd2 Bf8 12.a4 h6 13.Bc2 exd4 14.cxd4 Nb4 15.Bb1 c5
16.d5 Nd7 17.Ra3 f5 18.Rae3 Nf6 19.R3e2 Qd7 20.e5 Nfxd5 21.Nf1 Nb6 22.e6 Qd8
23.Bxf5 Qf6 24.Ng3 bxa4 25.Be4 d5 26.Nh5 Qd8 27.Bg6 Bd6 28.Bf7+ Kh8 29.Bxh6  1-0

[Event "Gausdal Int"]
[Site "Gausdal"]
[Date "1990.??.??"]
[Round "6"]
[White "Kovalev, Andrei"]
[Black "Stefansson, Hannes"]
[Result "0-1"]
[WhiteElo "2500"]
[BlackElo "2420"]

1.e4 e5 2.Nf3 Nc6 3.Bb5 a6 4.Ba4 Nf6 5.O-O Be7 6.Re1 b5 7.Bb3 d6 8.c3 O-O
9.h3 Bb7 10.d4 Re8 11.a4 Bf8 12.Nbd2 h6 13.d5 Ne7 14.Nh2 c6 15.dxc6 Bxc6
16.Ng4 Nxg4 17.Qxg4 d5 18.Nf3 bxa4 19.Bxa4 dxe4 20.Bxc6 f5 21.Qg3 Nxc6 22.Qg6 Qd7
23.Nh2 Ne7 24.Qh5 Qc6 25.f3 exf3 26.Nxf3 Qg6 27.g4 Qxh5 28.gxh5 Nc6 29.Nh4 f4
30.Ra4 Kf7 31.Nf3 Re6 32.Rae4 Rae8 33.Kf2 Bd6 34.Nd2 g6 35.hxg6+ Rxg6 36.Rc4 Bb8
37.Ne4 Rd8 38.Ke2 Ne7 39.Rb4 Rg2+ 40.Kf3 Rh2 41.Nd2 Bd6 42.Rb7 Rg8 43.Ne4 Rxh3+
44.Kf2 Rh2+ 45.Kf3 Bb8 46.b3 Rh3+ 47.Kf2 f3 48.Ke3 Ke6 49.Rb6+ Kd7 50.Nf6+ Kc7
51.Nxg8 Nd5+ 52.Kf2 Ba7 53.Be3 Nxe3 54.Kxe3 Bxb6+ 55.Kd2 Rh2+ 56.Kd3 e4+
57.Rxe4 f2 58.Re7+ Kd6 59.Rf7 Rh1  0-1

[Event "Groningen"]
[Site "Groningen"]
[Date "1990.??.??"]
[Round "?"]
[White "Khalifman, Alexander"]
[Black "Gulko, Boris F"]
[Result "1-0"]
[WhiteElo "2615"]
[BlackElo "2600"]

1.e4 e5 2.Nf3 Nc6 3.Bb5 a6 4.Ba4 Nf6 5.O-O Be7 6.Re1 b5 7.Bb3 d6 8.c3 O-O
9.h3 Bb7 10.d4 Re8 11.Ng5 Rf8 12.Nf3 Re8 13.Nbd2 Bf8 14.Bc2 Nb8 15.a4 Nbd7
16.Bd3 c6 17.Nf1 g6 18.Ng3 Bg7 19.Bg5 Nf8 20.Qd2 Ne6 21.Be3 Nd7 22.Bf1 Qc7
23.Red1 Red8 24.axb5 axb5 25.Rxa8 Bxa8 26.d5 cxd5 27.exd5 Nf4 28.Bxf4 exf4
29.Qxf4 Nf6 30.Bxb5 Nxd5 31.Qd2 Nb6 32.Nd4 Rb8 33.Nf1 Nd5 34.Be2 Bxd4 35.Qxd4 Rxb2
36.c4 Rxe2 37.cxd5 Qc5 38.Qxc5 dxc5 39.Ne3 Kf8 40.Rc1 Rxe3 41.fxe3 Bxd5 42.Rxc5 Be6
43.Kf2 Kg7 44.Kf3 h6 45.Ke4 Ba2 46.Ke5 Bb3 47.Rc3 Ba2 48.Rc6 Bb3 49.Kd4 Ba2
50.Rb6 Kh7 51.Rf6 Kg7 52.Ra6 Bb3 53.Rb6 Ba2 54.e4 g5 55.g3 Kh7 56.Ke5 Kg7
57.Kd4 Kh7 58.h4 gxh4 59.gxh4 Kg7 60.Ke5 Bc4 61.Rb4 Be6 62.Rb1 Kg6 63.Rb6 h5
64.Rxe6+ fxe6 65.Kxe6  1-0

[Event "Groningen op"]
[Site "Groningen"]
[Date "1990.??.??"]
[Round "2"]
[White "Joecks, Christian"]
[Black "Svidler, Peter"]
[Result "1/2-1/2"]
[WhiteElo "2285"]
[BlackElo "2430"]

1.e4 e5 2.Nf3 Nc6 3.Bb5 a6 4.Ba4 Nf6 5.O-O Be7 6.Re1 b5 7.Bb3 O-O 8.c3 d6
9.h3 Bb7 10.d4 Re8 11.Nbd2 Bf8 12.a3 h6 13.Bc2 Nb8 14.b4 Nbd7 15.Bb2 g6 16.c4 exd4
17.cxb5 axb5 18.Nxd4 c6 19.a4 bxa4 20.Bxa4 Qb6 21.Bc3 d5 22.Bc2 Bxb4 23.Rb1 c5
24.exd5 Nxd5 25.Bxb4 cxb4 26.Qg4 N7f6 27.Qh4 Kg7 28.N2f3 Qd6 29.Nb5 Qc5 30.Nbd4 Nc3
31.Rxb4 Bxf3 32.Rxe8 Rxe8 33.gxf3 g5 34.Rc4 Qd5 35.Nf5+ Qxf5 36.Bxf5 Ne2+
37.Kf1 gxh4 38.Bd3 Ng3+ 39.fxg3 hxg3 40.Kg2 Rd8 41.Bf5 Rd5 42.Bg4  1/2-1/2

[Event "HUN-chop"]
[Site "Gyor"]
[Date "1990.??.??"]
[Round "10"]
[White "Horvath, Zoltan"]
[Black "Halasz, Tamas"]
[Result "1/2-1/2"]
[WhiteElo "2335"]
[BlackElo "2415"]

1.e4 e5 2.Nf3 Nc6 3.Bb5 a6 4.Ba4 Nf6 5.O-O Be7 6.Re1 b5 7.Bb3 d6 8.c3 O-O
9.h3 Bb7 10.d4 Re8 11.Ng5 Bf8 12.Nf3  1/2-1/2

[Event "Helsinki"]
[Site "Helsinki"]
[Date "1990.??.??"]
[Round "1"]
[White "Nokso Koivisto, A."]
[Black "Rantanen, Yrjo A"]
[Result "1-0"]
[WhiteElo "2380"]
[BlackElo "2405"]

1.e4 e5 2.Nf3 Nc6 3.Bb5 a6 4.Ba4 Nf6 5.O-O Be7 6.Re1 b5 7.Bb3 d6 8.c3 O-O
9.h3 Bb7 10.d4 Re8 11.Nbd2 Bf8 12.Bc2 Nb8 13.a4 Nbd7 14.Bd3 c6 15.b4 Nb6
16.a5 Nbd7 17.Bb2 Rc8 18.Qb1 g6 19.Bf1 Nh5 20.Qa2 exd4 21.cxd4 d5 22.Qb3 c5
23.dxc5 dxe4 24.Nd4 Bg7 25.Rad1 Qc7 26.Rc1 Nb8 27.c6 Nxc6 28.Nxc6 Bxb2 29.Qxb2 e3
30.Ne7+ Qxe7 31.Rxe3 Qh4 32.Rxe8+ Rxe8 33.Rc7 Bd5 34.Qc3 Qd8 35.Rc5 Ba8 36.Nf3 Nf4
37.Rd5  1-0

[Event "Helsinki"]
[Site "Helsinki"]
[Date "1990.??.??"]
[Round "5"]
[White "Nokso Koivisto, A."]
[Black "Raaste, Eero J"]
[Result "1/2-1/2"]
[WhiteElo "2380"]
[BlackElo "2380"]

1.e4 e5 2.Nf3 Nc6 3.Bb5 a6 4.Ba4 Nf6 5.O-O Be7 6.Re1 b5 7.Bb3 d6 8.c3 O-O
9.h3 Bb7 10.d4 Re8 11.Nbd2 Bf8 12.Bc2 Nb8 13.b3 c6 14.Bb2 Nbd7 15.a3 g6 16.b4 Qc7
17.Nb3 Rad8 18.Qb1 Bg7 19.Na5 Ba8 20.Qa2 h6 21.Rac1 Nh5 22.c4 exd4 23.cxb5 c5
24.Bxd4 axb5 25.Bxg7 Kxg7 26.Bb1 d5 27.exd5 c4 28.Nc6 Bxc6 29.dxc6 Qxc6 30.Qb2+  1/2-1/2

[Event "Helsinki"]
[Site "Helsinki"]
[Date "1990.??.??"]
[Round "8"]
[White "Raaste, Eero J"]
[Black "Rantanen, Yrjo A"]
[Result "1-0"]
[WhiteElo "2380"]
[BlackElo "2405"]

1.e4 e5 2.Nf3 Nc6 3.Bb5 a6 4.Ba4 Nf6 5.O-O Be7 6.Re1 b5 7.Bb3 d6 8.c3 O-O
9.h3 Bb7 10.d4 Re8 11.Ng5 Rf8 12.Nf3 Re8 13.Nbd2 Bf8 14.a4 h6 15.Bc2 exd4
16.cxd4 Nb4 17.Bb1 c5 18.d5 Nd7 19.Ra3 f5 20.e5 g6 21.e6 Nb6 22.g4 Qf6 23.gxf5 gxf5
24.Nh2 Re7 25.Rg3+ Rg7 26.Ne4 fxe4 27.Ng4 Rxg4 28.Qxg4+ Bg7 29.Qxe4 Bxd5
30.Qh7+  1-0

[Event "JUG-ch"]
[Site "Kladovo"]
[Date "1990.??.??"]
[Round "?"]
[White "Laketic, Gojko"]
[Black "Ilincic, Zlatko"]
[Result "0-1"]
[WhiteElo "2425"]
[BlackElo "2490"]

1.e4 e5 2.Nf3 Nc6 3.Bb5 a6 4.Ba4 Nf6 5.O-O Be7 6.Re1 b5 7.Bb3 d6 8.c3 O-O
9.h3 Bb7 10.d4 Re8 11.Bg5 Nxe4 12.Bxe7 Nxe7 13.dxe5 d5 14.Nbd2 Ng6 15.Bc2 f5
16.Nb3 c5 17.Bxe4 fxe4 18.Nxc5 Bc8 19.Nh2 Nf4 20.Re3 Qe7 21.b4 a5 22.a3 axb4
23.cxb4 Qg5 24.Qf1 Nxh3+ 25.Kh1 Nf4 26.Rd1 Rxe5 27.g3 Nh3 28.f4 exf3 29.Rxe5 Qxe5
30.Qxf3 Rxa3 31.Qxd5+ Qxd5+ 32.Rxd5 Rxg3 33.Rd8+ Kf7 34.Nf3 Rxf3 35.Rxc8 Rf4
36.Rc7+ Kg6 37.Kg2 Ng5 38.Rc6+ Kh5 39.Na6 Kg4 40.Rc5 Ne4 41.Rxb5 g5 42.Re5 h5
43.Nc7 h4  0-1

[Event "JUG-sf"]
[Site "Kladovo"]
[Date "1990.??.??"]
[Round "11"]
[White "Todorovic, Goran M"]
[Black "Gostisa, Leon"]
[Result "1/2-1/2"]
[WhiteElo "2415"]
[BlackElo "2370"]

1.e4 e5 2.Nf3 Nc6 3.Bb5 a6 4.Ba4 Nf6 5.O-O Be7 6.Re1 b5 7.Bb3 d6 8.c3 O-O
9.h3 Bb7 10.d4 Re8 11.Nbd2 Bf8 12.a3 h6 13.Bc2 Nb8 14.b4 Nbd7 15.Bb2 a5 16.Bd3 c6
17.bxa5 Qxa5 18.c4 Rab8 19.a4 bxa4 20.c5 Qc7 21.Rxa4 exd4 22.Bxd4 Nxc5 23.Bxc5 dxc5
24.e5 Nd5 25.Ne4 Rbd8 26.Qe2 Bc8 27.Bb1 g6 28.Qc2 Bf5 29.g4 Bxe4 30.Raxe4 Re6
31.Nh2 Nb4 32.Qc3  1/2-1/2

[Event "Kuala Lumpur zt"]
[Site "Kuala Lumpur"]
[Date "1990.??.??"]
[Round "?"]
[White "Abdullah, M."]
[Black "Lin Ta"]
[Result "0-1"]
[WhiteElo "2240"]
[BlackElo "2410"]

1.e4 e5 2.Nf3 Nc6 3.Bb5 a6 4.Ba4 Nf6 5.O-O Be7 6.Re1 b5 7.Bb3 d6 8.c3 O-O
9.h3 Bb7 10.d4 Re8 11.Nbd2 Bf8 12.a3 g6 13.Bc2 Bg7 14.b4 d5 15.Bb2 exd4 16.cxd4 Nxe4
17.Nxe4 dxe4 18.Bxe4 Rxe4 19.Rxe4 Nxb4 20.Qe2 Bxe4 21.Qxe4 Qd5 22.Qxd5 Nxd5
23.Rc1 Bf8 24.Ne5 Bd6 25.Kf1 Nb6 26.Rc6 a5 27.g3 f6 28.Ng4 Kf7 29.Ne3 Ke6
30.Rc2 Nd5 31.Ng4 b4 32.axb4 axb4 33.f4 Kd7 34.Re2 Kc6 35.Ke1 Kb5 36.Nf2 Nb6
37.Ne4 f5 38.Nxd6+ cxd6  0-1

[Event "RSFSR-ch"]
[Site "Kuibishev"]
[Date "1990.??.??"]
[Round "?"]
[White "Shabanov, Yuri"]
[Black "Tunik, Gennady"]
[Result "1/2-1/2"]
[WhiteElo "2375"]
[BlackElo "2475"]

1.e4 e5 2.Nf3 Nc6 3.Bb5 a6 4.Ba4 Nf6 5.O-O Be7 6.Re1 b5 7.Bb3 d6 8.c3 O-O
9.h3 Bb7 10.d4 Re8 11.Ng5 Rf8 12.Nf3 Re8 13.Ng5 Bf8  1/2-1/2

[Event "Kusadasi op"]
[Site "Kusadasi"]
[Date "1990.??.??"]
[Round "7"]
[White "Balashov, Yuri S"]
[Black "Kraidman, Yair"]
[Result "1/2-1/2"]
[WhiteElo "2535"]
[BlackElo "2415"]

1.e4 e5 2.Nf3 Nc6 3.Bb5 a6 4.Ba4 Nf6 5.O-O Be7 6.Re1 b5 7.Bb3 d6 8.c3 O-O
9.h3 Bb7 10.d4 Re8 11.a4 h6 12.Nbd2 Bf8 13.d5 Na5 14.Ba2 c6 15.b4 Nc4 16.Nxc4 bxc4
17.dxc6 Bxc6 18.Nd2 d5 19.exd5 Qxd5 20.Qf3 Qd7 21.Qe2 Nd5 22.Ne4 Nf4 23.Qxc4 Rac8
24.Bxf4 exf4 25.Nc5 Bxc5 26.bxc5 Bxa4 27.Qxf4 Rxc5 28.Rxe8+ Qxe8 29.Bxf7+ Qxf7
30.Qxa4 Rxc3 31.Qxa6 Qc4 32.Qa8+ Kh7 33.Ra4 Qc6 34.Qxc6  1/2-1/2

[Event "New York Manhattan"]
[Site "New York"]
[Date "1990.??.??"]
[Round "1"]
[White "Geller, Efim P"]
[Black "Brooks, Michael A"]
[Result "1-0"]
[WhiteElo "2515"]
[BlackElo "2460"]

1.e4 e5 2.Nf3 Nc6 3.Bb5 a6 4.Ba4 Nf6 5.O-O Be7 6.Re1 b5 7.Bb3 d6 8.c3 O-O
9.h3 Bb7 10.d4 Re8 11.Nbd2 Bf8 12.a4 g6 13.d5 Nb8 14.axb5 axb5 15.Rxa8 Bxa8
16.c4 c6 17.dxc6 b4 18.c5 dxc5 19.Ng5 Re7 20.Bxf7+ Kh8 21.Bb3 Nxc6 22.Nf7+ Rxf7
23.Bxf7 Nd4 24.Bc4 Bg7 25.Qa4 Bc6 26.Qa7 Qf8 27.Qc7 h6 28.Nf3 Nxe4 29.Be3 Nxf3+
30.gxf3 Nd2 31.Qxc6 Nxc4 32.Ra1 Qf7 33.Qxc5 Qe6 34.Ra8+ Kh7 35.Ra7 Nxe3 36.Qxe3 Qf5
37.Kg2 h5 38.Rb7 Qc8 39.Rxb4 Bf6 40.Qe4 Kh6 41.Rb6 Qc1 42.h4  1-0

[Event "New York op"]
[Site "New York"]
[Date "1990.??.??"]
[Round "2"]
[White "Ehlvest, Jaan"]
[Black "Brooks, Michael A"]
[Result "1-0"]
[WhiteElo "2620"]
[BlackElo "2460"]

1.e4 e5 2.Nf3 Nc6 3.Bb5 a6 4.Ba4 Nf6 5.O-O Be7 6.Re1 b5 7.Bb3 d6 8.c3 O-O
9.h3 Bb7 10.d3 Nb8 11.Nbd2 Nbd7 12.Nf1 Nc5 13.Bc2 Re8 14.Ng3 Bf8 15.Bd2 d5
16.Qe2 dxe4 17.dxe4 Nfd7 18.Rad1 g6 19.c4 Bc6 20.Bc3 Qf6 21.Nf1 Ne6 22.Rxd7 Bxd7
23.Nxe5 Qe7 24.Ne3 Nf4 25.Qf3 b4 26.Bd4 c5 27.Qxf4 cxd4 28.Nxd7 dxe3 29.Nf6+ Kh8
30.Rxe3 Bh6 31.Qh4 Qe5 32.Ng4 Bg5 33.Nxe5 Bxh4 34.Nxf7+ Kg7 35.Nd6 Re5 36.f4 Rc5
37.e5 Be7 38.Be4 Rd8 39.Bd5 Bxd6 40.exd6 Rxd6 41.Re7+ Kf8 42.Rxh7 Ra5 43.Rb7 Rxa2
44.Rxb4 a5 45.Rb7 a4 46.Kh2 a3 47.bxa3 Rxa3 48.h4 Rc3 49.f5 Rf6 50.fxg6 Rxg6
51.Rf7+ Ke8 52.Rf4 Ke7 53.Bf3 Rf6 54.Rg4 Ke8 55.Bd5 Rf2 56.Rg5 Rd2 57.h5 Rd4
58.g3 Rd2+ 59.Kh3 Rf2 60.h6 Rcc2 61.Kg4 Rh2 62.Rh5 Rce2 63.Rxh2 Rxh2 64.Kg5 Rh3
65.g4 Re3 66.Kf5 Rh3 67.g5 Rh2 68.Kg6 Ra2 69.Kh7 Ra7+ 70.Kg6 Ra2 71.h7 Ra6+
72.Be6 Rxe6+ 73.Kf5 Kf7 74.h8=Q Rf6+ 75.Qxf6+ Kg8 76.Qd8+  1-0

[Event "Novi Sad ol (Men)"]
[Site "Novi Sad"]
[Date "1990.??.??"]
[Round "4"]
[White "Rayner, Francis"]
[Black "Sebih, Kamel"]
[Result "1-0"]
[WhiteElo "2230"]
[BlackElo "2260"]

1.e4 e5 2.Nf3 Nc6 3.Bb5 a6 4.Ba4 Nf6 5.O-O Be7 6.Re1 b5 7.Bb3 O-O 8.c3 d6
9.h3 Bb7 10.d4 Re8 11.Nbd2 Bf8 12.a4 h6 13.Bc2 exd4 14.cxd4 Nb4 15.Bb1 c5
16.d5 Nd7 17.Ra3 c4 18.Nd4 Qb6 19.Nf5 g6 20.Rg3 Kh7 21.Nf1 Ne5 22.Nxh6 Nbd3
23.Bxd3 Nxd3 24.Rxd3 cxd3 25.Nxf7 Qd4 26.Ng5+ Kg8 27.Ne6 Rxe6 28.dxe6 Bxe4
29.Qg4 d5 30.e7 Qf6 31.exf8=Q+ Rxf8 32.Qg3 bxa4 33.Nd2 Bf5 34.Nf3 Ra8 35.Qf4 Qb6
36.Qxa4 Be4 37.Ng5 Rf8 38.Be3 Qb7 39.Qd4 Re8 40.Bd2  1-0

[Event "Novi Sad ol (Men)"]
[Site "Novi Sad"]
[Date "1990.??.??"]
[Round "4"]
[White "Tsuboi, Edson Kenji"]
[Black "Seitaj, Ilir"]
[Result "0-1"]
[WhiteElo "2315"]
[BlackElo "2365"]

1.e4 e5 2.Nf3 Nc6 3.Bb5 a6 4.Ba4 Nf6 5.O-O Be7 6.Re1 b5 7.Bb3 O-O 8.c3 d6
9.h3 Bb7 10.d4 Re8 11.Nbd2 Bf8 12.a3 g6 13.Bc2 Nb8 14.b4 Nbd7 15.Bb2 Nb6
16.dxe5 dxe5 17.Qe2 c5 18.bxc5 Bxc5 19.c4 Nbd7 20.Bb3 b4 21.Bc2 bxa3 22.Bxa3 Bxa3
23.Rxa3 Nc5 24.Rb1 Rc8 25.Qe3 Re6 26.Rba1 Qe7 27.Ne1 Nfd7 28.Nd3 Nxd3 29.Bxd3 Nc5
30.Bf1 Rd6 31.f3 f5 32.exf5 gxf5 33.Nb3 f4 34.Qc3 Rg6 35.Ra5 e4 36.Nxc5 Rxc5
37.Qb4 Rc7 38.Qxe7 Rxe7 39.fxe4 f3 40.Kf2 fxg2 41.Bxg2 Rf7+ 42.Bf3 Bxe4 43.R5a3 Rgf6
44.Rg1+ Kf8 45.Rg3 a5  0-1

[Event "Novi Sad ol (Men)"]
[Site "Novi Sad"]
[Date "1990.??.??"]
[Round "5"]
[White "Fernandez Garcia, Jose L"]
[Black "Kaabi, Mejdi"]
[Result "1/2-1/2"]
[WhiteElo "2500"]
[BlackElo "2330"]

1.e4 e5 2.Nf3 Nc6 3.Bb5 a6 4.Ba4 Nf6 5.O-O Be7 6.Re1 b5 7.Bb3 d6 8.c3 O-O
9.h3 Bb7 10.d4 Re8 11.a4 h6 12.a5 Bf8 13.d5 Ne7 14.c4 c5 15.Qd3 b4 16.Nbd2 Bc8
17.Ba4 Bd7 18.Bxd7 Qxd7 19.Nf1 g6 20.N3h2 Bg7 21.Qf3 Kh7 22.g4 Neg8 23.Ng3 Rf8
24.h4 Ne8 25.g5 Qh3 26.h5 hxg5 27.Bxg5 Nef6 28.h6 Nxh6 29.Bxh6 Qxh6 30.Kg2 Qf4  1/2-1/2

[Event "Novi Sad ol (Men)"]
[Site "Novi Sad"]
[Date "1990.??.??"]
[Round "6"]
[White "Martin del Campo, Roberto"]
[Black "Khaled, F."]
[Result "1-0"]
[WhiteElo "2410"]
[BlackElo "2350"]

1.e4 e5 2.Nf3 Nc6 3.Bb5 a6 4.Ba4 Nf6 5.O-O Be7 6.Re1 b5 7.Bb3 d6 8.c3 O-O
9.h3 Bb7 10.d4 Re8 11.Nbd2 Bf8 12.Bc2 g6 13.a3 Bg7 14.b4 Nh5 15.Nb3 Rb8 16.Bg5 Bf6
17.Be3 Bg7 18.Qd2 Nf6 19.Bg5 Qe7 20.d5 Na7 21.Be3 Nc8 22.Na5 Nb6 23.a4 Nc4
24.Nxc4 bxc4 25.Qe2 c6 26.dxc6 Bxc6 27.Qxc4 Qb7 28.Nd2 Rec8 29.Qf1 d5 30.Bd3 Ra8
31.exd5 Nxd5 32.Ne4 Nxc3 33.Nxc3 e4 34.Nxe4 Bxe4 35.Bxe4 Qxe4 36.Rab1 h5
37.Bc5 Qf5 38.a5 Bf8 39.Bxf8 Kxf8 40.Rec1 Qe4 41.Rxc8+ Rxc8 42.b5 axb5 43.Qxb5 Qe6
44.Qb6 Qxb6 45.axb6 Rb8 46.Kf1 Ke7 47.Ke2 Kd6 48.Ke3 Rb7 49.Kf4 f6 50.h4 Kc6
51.f3 Kd7 52.g4 hxg4 53.fxg4 Kc8 54.Rc1+ Kb8 55.Rc6 Rf7 56.g5 fxg5+ 57.Kxg5 Rf1
58.Rxg6  1-0

[Event "Novi Sad ol (Men)"]
[Site "Novi Sad"]
[Date "1990.??.??"]
[Round "7"]
[White "Garcia, Gildardo"]
[Black "Dutreeuw, Marc"]
[Result "1-0"]
[WhiteElo "2445"]
[BlackElo "2405"]

1.e4 e5 2.Nf3 Nc6 3.Bb5 a6 4.Ba4 Nf6 5.O-O Be7 6.Re1 b5 7.Bb3 d6 8.c3 O-O
9.h3 Bb7 10.d4 Re8 11.Nbd2 Bf8 12.a3 h6 13.Bc2 Nb8 14.b4 Nbd7 15.Bb2 a5 16.Bd3 c6
17.Nb3 axb4 18.cxb4 exd4 19.Na5 Rxa5 20.bxa5 c5 21.Bxb5 Rxe4 22.Rxe4 Bxe4
23.a6 Ne5 24.Nxd4 cxd4 25.Bxd4 Qa8 26.Bf1 Nfd7 27.Rc1 Nc6 28.Be3 Nc5 29.f3 Bf5
30.Bb5 Ne5 31.Rc3 f6 32.Bxc5 dxc5 33.f4 Ng6 34.Bc4+ Kh7 35.Qd5 Qxd5 36.Bxd5 c4
37.Rxc4  1-0

[Event "Novi Sad ol (Men)"]
[Site "Novi Sad"]
[Date "1990.??.??"]
[Round "9"]
[White "Jonsson, Bjorgvin"]
[Black "Lalic, Bogdan"]
[Result "1/2-1/2"]
[WhiteElo "2400"]
[BlackElo "2490"]

1.e4 e5 2.Nf3 Nc6 3.Bb5 a6 4.Ba4 Nf6 5.O-O Be7 6.Re1 b5 7.Bb3 d6 8.c3 O-O
9.h3 Bb7 10.d4 Nd7 11.a4 Bf6 12.axb5 axb5 13.Rxa8 Qxa8 14.d5 Na7 15.Bc2 Nc8
16.Na3 c6 17.dxc6 Bxc6 18.Qe2 Qb8 19.b4 Na7 20.Bd3 Bd8 21.Be3 Bb6 22.c4 Bxe3
23.Qxe3 bxc4 24.Nxc4 Bb5  1/2-1/2

[Event "Novi Sad ol (Men)"]
[Site "Novi Sad"]
[Date "1990.??.??"]
[Round "12"]
[White "Mokry, Karel"]
[Black "Lin Ta"]
[Result "1-0"]
[WhiteElo "2490"]
[BlackElo "2435"]

1.e4 e5 2.Nf3 Nc6 3.Bb5 a6 4.Ba4 Nf6 5.O-O Be7 6.Re1 b5 7.Bb3 d6 8.c3 O-O
9.h3 Bb7 10.d4 Re8 11.Ng5 Rf8 12.Nf3 Re8 13.a4 h6 14.Nbd2 Bf8 15.d5 Ne7 16.Nh2 Qd7
17.Ng4 Nxg4 18.hxg4 c6 19.Nf1 cxd5 20.exd5 Ng6 21.Ng3 Rac8 22.Re4 Be7 23.Rb4 Bh4
24.Nf5 Bg5 25.Bxg5 hxg5 26.axb5 axb5 27.Ra7 Red8 28.Nxd6 Qxd6 29.Rxb7 Rc5
30.R4xb5 Rxb5 31.Rxb5 e4 32.Rb4 Re8 33.Qe1 e3 34.fxe3 Nf4 35.Rd4 Qb6 36.d6 Qb7
37.Rd2 Nxg2 38.Rxg2 Qxb3 39.d7 Rd8 40.Rd2 Qe6 41.Qe2 Rxd7 42.Rxd7 Qxd7 43.b4 Qc7
44.c4 Qg3+ 45.Kh1 Qh3+ 46.Kg1 Qg3+ 47.Kf1 Qh3+ 48.Kf2 Qh2+ 49.Ke1 Qg3+ 50.Kd2 Qe5
51.b5 Qe4 52.Kc3 f5 53.Qd3 Qxg4 54.b6 Qg3 55.b7 Qc7 56.Qxf5 Qxb7 57.Qd5+ Qf7
58.Kd3 Kf8 59.Qd8+ Qe8 60.Qxe8+ Kxe8  1-0

[Event "Paris-ch"]
[Site "Paris"]
[Date "1990.??.??"]
[Round "?"]
[White "Lobron, Eric"]
[Black "Razuvaev, Yuri S"]
[Result "1/2-1/2"]
[WhiteElo "2545"]
[BlackElo "2545"]

1.e4 e5 2.Nf3 Nc6 3.Bb5 a6 4.Ba4 Nf6 5.O-O Be7 6.Re1 b5 7.Bb3 O-O 8.c3 d6
9.h3 Bb7 10.d4 Re8 11.Ng5 Rf8 12.Nf3 Re8 13.a3 h6 14.Nbd2 Bf8 15.Bc2 Nb8
16.b4 Nbd7 17.Bb2 g6 18.Rb1 Bg7 19.c4 exd4 20.cxb5 axb5 21.Nxd4 c6 22.N2b3 Rc8
23.Na5 Ba8 24.Ba1 Qb6 25.a4 d5 26.exd5 Nxd5 27.Rxe8+ Rxe8 28.Qd2 Rd8  1/2-1/2

[Event "Philadelphia op2"]
[Site "Philadelphia"]
[Date "1990.??.??"]
[Round "?"]
[White "Wolff, Patrick G"]
[Black "Shapiro, Daniel E"]
[Result "1-0"]
[WhiteElo "2500"]
[BlackElo "2315"]

1.e4 e5 2.Nf3 Nc6 3.Bb5 a6 4.Ba4 Nf6 5.O-O Be7 6.Re1 b5 7.Bb3 d6 8.c3 O-O
9.h3 Bb7 10.d4 Re8 11.a4 h6 12.Nbd2 Bf8 13.d5 Ne7 14.Nh2 c6 15.Ng4 Ng6 16.Nf3 c5
17.axb5 axb5 18.Rxa8 Bxa8 19.c4 Nxg4 20.hxg4 bxc4 21.Bxc4 Qd7 22.g5 Qg4 23.Qa4 Rd8
24.Nh2 Qc8 25.gxh6 gxh6 26.Qd1 Bg7 27.b3 Rf8 28.Qh5 Kh7 29.Bxh6 Bxh6 30.Ng4 Rh8
31.Qxh6+  1-0

[Event "Pula op"]
[Site "Pula"]
[Date "1990.??.??"]
[Round "9"]
[White "Kengis, Edvins"]
[Black "Sideif Sade, Fikret I"]
[Result "1/2-1/2"]
[WhiteElo "2500"]
[BlackElo "2380"]

1.e4 e5 2.Nf3 Nc6 3.Bb5 a6 4.Ba4 Nf6 5.O-O Be7 6.Re1 b5 7.Bb3 d6 8.c3 O-O
9.h3 Bb7 10.d4 Re8 11.a4 Bf8 12.Ng5 Re7 13.axb5 axb5 14.Rxa8 Qxa8 15.d5 Na5
16.Bc2 Re8 17.Na3 c6 18.dxc6 Bxc6 19.Qe2 d5 20.Nxb5 Qb7 21.Na3 Bxa3 22.bxa3 h6
23.exd5 Bb5 24.c4 Bxc4 25.Qd2 Nb3 26.Bxb3  1/2-1/2

[Event "Reykjavik op"]
[Site "Reykjavik"]
[Date "1990.??.??"]
[Round "3"]
[White "Sokolov, Andrei"]
[Black "Bronstein, David I"]
[Result "1/2-1/2"]
[WhiteElo "2585"]
[BlackElo "2445"]

1.e4 e5 2.Nf3 Nc6 3.Bb5 a6 4.Ba4 Nf6 5.O-O Be7 6.Re1 b5 7.Bb3 d6 8.c3 O-O
9.h3 Bb7 10.d4 Re8 11.Ng5 Rf8 12.Nf3 Re8 13.Nbd2 Bf8 14.a4 h6 15.Bc2 exd4
16.cxd4 Nb4 17.Bb1 bxa4 18.Rxa4 a5 19.Ra3 Ra6 20.Rae3 a4 21.Nf1 d5 22.e5 Ne4
23.N1d2 c5 24.Nxe4 dxe4 25.Bxe4 Bxe4 26.Rxe4 c4 27.e6 Rexe6 28.Rxe6 fxe6
29.Ne5 Qd5 30.Qh5 Ra7 31.Qg6 Nd3 32.Nxd3 cxd3 33.Qxd3 Rd7 34.Qa6 Qxd4 35.Qxe6+ Rf7
36.Qe2 Rc7 37.Qe6+ Rf7 38.Qe2 Rc7 39.Be3 Qe4 40.Rd1 Rc2 41.Qb5 Qc6 42.Qe5 Qc7
43.Qb5 Qc4 44.Qe5 Qc7 45.Qb5 Qc4 46.Qe8 Qf7 47.Qxa4 Rxb2 48.Rd7 Rb1+ 49.Kh2 Rb4
50.Qa7 Qg6 51.g3 Re4 52.Bd4 Re6 53.Qa8 Re8 54.Qb7 Re6 55.Qa8 Re8 56.Qb7 Re6
57.Qc8 Re8 58.Qc7 Kh7 59.h4 Re6 60.Be5 Rc6 61.Qb7 Re6 62.Qc7 Rc6 63.Qa7 Re6
64.Qd4 Re7 65.Rd5 Rf7 66.Bf4 Rf5 67.Be5 h5 68.Kg1 Qe6 69.Qd3 g6 70.f4 Bg7
71.Rd6 Qe8 72.Rd8 Qe6 73.Qd7 Qf7 74.Kg2 Bxe5 75.Qxf7+ Rxf7 76.fxe5 Rf5 77.e6 Re5
78.Rd6 Kg7 79.Kf3 Kf6  1/2-1/2

[Event "Reykjavik op"]
[Site "Reykjavik"]
[Date "1990.??.??"]
[Round "7"]
[White "Ernst, Thomas"]
[Black "Razuvaev, Yuri S"]
[Result "0-1"]
[WhiteElo "2440"]
[BlackElo "2545"]

1.e4 e5 2.Nf3 Nc6 3.Bb5 a6 4.Ba4 Nf6 5.O-O Be7 6.Re1 b5 7.Bb3 O-O 8.c3 d6
9.h3 Bb7 10.d4 Re8 11.Nbd2 Bf8 12.a4 h6 13.Bc2 exd4 14.cxd4 Nb4 15.Bb1 g6
16.Ra3 Bg7 17.Rae3 c5 18.d5 Nd7 19.Nf1 Nb6 20.axb5 axb5 21.h4 Nc4 22.Rb3 Ra1
23.Bd2 Nxb2 24.Qe2 Bxd5 25.Rxb2 Bc4 26.Qe3 Nd5 27.exd5 Rxe3 28.Nxe3 Bxb2
29.h5 Ba2 30.Bxa2 Rxa2 31.hxg6 fxg6 32.Nf1 Bg7 33.Re6 b4 34.Rxg6 Kh7 35.Re6 b3  0-1

[Event "Reykjavik op"]
[Site "Reykjavik"]
[Date "1990.??.??"]
[Round "7"]
[White "Vidarsson, Jon G"]
[Black "Stefansson, Hannes"]
[Result "0-1"]
[WhiteElo "2290"]
[BlackElo "2420"]

1.e4 e5 2.Nf3 Nc6 3.Bb5 a6 4.Ba4 Nf6 5.O-O Be7 6.Re1 b5 7.Bb3 d6 8.c3 O-O
9.h3 Bb7 10.d4 Re8 11.Nbd2 Bf8 12.Bc2 h6 13.b3 g6 14.Bb2 Bg7 15.a4 exd4 16.Nxd4 bxa4
17.Rxa4 d5 18.N4f3 dxe4 19.Nxe4 Qxd1 20.Rxd1 Na7 21.Ng3 Rad8 22.Rxd8 Rxd8
23.c4 Nd7 24.Bxg7 Kxg7 25.Ra5 f5 26.h4 Bxf3 27.gxf3 Nc6 28.Ra1 Nc5 29.h5 Rd2
30.Bd1 Nb4 31.hxg6 Kxg6 32.f4 Ncd3 33.Bh5+ Kf6 34.Ne2 Rb2 35.Ra3 c5 36.Bf3 Kg6
37.Nc3 Nxf2 38.Nd5 Nfd3 39.Nxb4 Nxb4 40.Ra5 Rxb3 41.Be2 Re3 42.Kf2 Re4 43.Rxc5 Rxf4+
44.Kg2 Re4 45.Bf3 Re3 46.Ra5 Rc3 47.Be2 Rc2 48.Kf3 Kg5 49.Ra4 Nc6 50.Ke3 a5
51.Bd3 Rb2 52.c5 Nb4 53.Bf1 Nc6 54.Bd3 Nb4 55.Bf1 Nc6 56.Bd3 h5 57.Rf4 Ne7
58.Rf1 a4 59.Kd4 Nc6+ 60.Ke3 Ne7 61.Kd4 Rb4+ 62.Bc4 a3 63.Kc3 Ra4 64.Bb3 Ra7
65.Kd4 Kf6 66.Re1 h4 67.Ba2 Nc6+ 68.Kc3 Ne5 69.Rh1 Kg5 70.Bd5 f4 71.Kd4 Kf5
72.Be4+ Kf6 73.Bd5 a2 74.Ra1 f3 75.c6 h3 76.c7 Rxc7 77.Rxa2 Kf5 78.Rh2 Rc1
79.Bb7 Rd1+ 80.Kc3 Kg4 81.Bc8+ Nd7 82.Kc2 Rd6 83.Bb7 Kg3 84.Rh1 Ne5 85.Re1 h2  0-1